000 00323nam a2200133 i 4500
001 bg
100 1 _aPIETRASIƃSKI, Zbigniew
245 0 _aPodstawy psychologii pracy /
_cZbigniew PietrasiƄski.
260 _aWarszawa,
_c1971.
040 _cBPK
041 _apol
942 _cKS
008 s pl f |000 0 pol
999 _c7400
_d7400
856 _uhttp://koha.tu.koszalin.pl/cgi-bin/koha/opac-detail.pl?biblionumber=7400
_yKatalog online BPK